000 00311nam a22001337a 4500
008 181122b xxu||||| |||| 00| 0 eng d
020 _a0070024391
041 _aeng
080 _a370
100 _a49
101 _aEDU
245 _aEffective Writing For College Curiculum
_cRobert.A
942 _2udc
_cBK
999 _c52417
_d52417